Countries of Asia by Landmark - Picture Quiz - Statistics

General Stats
  • This quiz has been taken 153 times
  • The average score is 21 of 48
Answer Stats
Picture Hint Answer % Correct
Burj Khalifa United Arab Emirates
99%
Taj Mahal India
92%
Petra Jordan
86%
Hagia Sophia Turkey
83%
Miyajima Gate Japan
82%
Wall of ____ China
81%
Angkor Wat Cambodia
74%
Wat Phra Kaew Thailand
73%
Genghis Khan Equestrian Statue Mongolia
70%
Marina Bay Sands Singapore
66%
Shwedagon Pagoda Myanmar
64%
Grand Monument North Korea
61%
Petronas Towers Malaysia
60%
____ 101 Taiwan
57%
Kaaba Saudi Arabia
56%
Borobudur Temple Indonesia
53%
Dome of the Rock Israel
52%
Pha That Luang Laos
50%
Tiger's Nest Bhutan
49%
Gergeti Trinity Church Georgia
48%
Azadi Tower Iran
47%
Boudhanath Stupa Nepal
46%
Bibi-Khanym Mosque Uzbekistan
46%
Gyeongbokgung Palace South Korea
42%
Sigiriya Sri Lanka
42%
Dar Al Hajar Yemen
40%
____ Water Towers Kuwait
39%
Faisal Mosque Pakistan
36%
Golden Bridge Vietnam
36%
Sewanawank Armenia
33%
Flame Towers Azerbaijan
30%
____ Tower Qatar
29%
Kart-e Sakhi Mosque Afghanistan
28%
Omar Ali Saifuddien Mosque Brunei
26%
Great Mosque of Samarra Iraq
26%
Cristo Rei East Timor
24%
Church of Saint Simeon Stylites Syria
21%
Nakhal Fort Oman
19%
Bayterek Tower Kazakhstan
18%
Rizal Monument Philippines
17%
Independance Monument Turkmenistan
17%
Church of Saint Lazarus Cyprus
16%
Pearl Monument Bahrain
15%
Mohammad Al-Amin Mosque Lebanon
15%
Burana Tower Kyrgyzstan
13%
Jatiyo Smriti Soudho Bangladesh
12%
Grand Friday Mosque Maldives
12%
Hissar Fortress Tajikistan
11%
No matching quizzes found
Score Distribution
Percent of People with Each Score
Percentile by Number Answered
Your Score History
You have not taken this quiz